LEADER 02077nam a2200337 a 4500 001 000000125283 003 CaOOAMICUS 005 20110513101205.0 008 110513t2003 it ad u000 u ita r 040 $aPUL$bita 082 04$a174.2 110 2 $aCentro della Pastorale Sanitaria della Diocesi di Roma.$0(OLS)http://pul/name/79278 245 10$aGiornata di prolusione Una sanità per la persona: tra utopia e realtà, 25 gennaio 2003 :$bcorso di formazione Etica dell'organizzazione sanitaria, 7-8 febbraio 2003, 21-22 febbraio 2003, 7-8 marzo 2003 /$cCentro della Pastorale Sanitaria della Diocesi di Roma, Forum regionale delle associazioni sanitarie cattoliche del Lazio ; a cura di Antonino Bagnato, S.E. Mons. Armando Brambilla. 246 33$aSanità per la persona: tra utopia e realtà 246 33$aEtica dell'organizzazione sanitaria 260 $aRoma :$bPontificia Università Lateranense,$cstampa 2003. 300 $a203 p. :$bill., grafici ;$c24 cm 504 $aBibliografia in nota. 650 4$aSanità.$0(OLS)http://pul/subject/29404 700 1 $aBagnato, Antonino.$0(OLS)http://pul/name/79280 700 1 $aBrambilla, Armando.$0(OLS)http://pul/name/79281 710 2 $aForum regionale delle associazioni sanitarie cattoliche del Lazio.$0(OLS)http://pul/name/79279 850 $aPUL 852 $aPUL$W1$xSL Filosofia 3$y81$m174. 2 BAGAN 1$j144280$qDDC 21$B143309$CPULBib$Z2$F143309 $H100798 $82 941 1 $a9 996 $6082$a174.2$9(OLS)http://pul/classification/490 996 $6246$aEtica dell'organizzazione sanitaria$9(OLS)http://pul/title/157955 996 $6245$aGiornata di prolusione Una sanità per la persona: tra utopia e realtà, 25 gennaio 2003 :$bcorso di formazione Etica dell'organizzazione sanitaria, 7-8 febbraio 2003, 21-22 febbraio 2003, 7-8 marzo 2003$9(OLS)http://pul/title/157953 996 $6246$aSanità per la persona: tra utopia e realtà$9(OLS)http://pul/title/157954 996 $6260$aRoma :$bPontificia Università Lateranense$9(OLS)http://pul/publisher/47963 LEADER 02462nam a2200493 a 4500 001 000000160684 003 CaOOAMICUS 005 20180521110605.0 008 170515m20159999it u001 u ita r 020 $a978-88-311-1219-2 (v. 10)* 020 $z978-88-311-1221-5 (v. 10b)* 032 $aLibriCat 040 $aPUL$bita 082 04$a248 100 0 $aFranciscus Salesius,$cs.,$d1567-1622.$0(OLS)http://pul/name/21121 245 10$aOpuscoli /$cFrancesco di Sales ; traduzione, cura e revisione di Antonino Raspanti e Mariarosa Mancuso. 260 $aRoma :$bCittà Nuova,$c©2015- 300 $av. ;$c24 cm. 490 1 $aOpere complete di Francesco di Sales ;$v10-10b 500 $aInclude indici. 504 $aRiferimenti bibliografici in nota. 505 1 $aV. 1. La Visitazione / prefazione di Giuseppe Gioia ; introduzione di Luigi Mezzadri. -- v. 2. Ascetismo e mistica / introduzione di Antonino Raspanti. 700 1 $aGioia, Giuseppe.$0(OLS)http://pul/name/59086 700 1 $aMancuso, Mariarosa.$0(OLS)http://pul/name/102828 700 1 $aMezzadri, Luigi,$cC.M.$0(OLS)http://pul/name/3559 700 1 $aRaspanti, Antonino.$0(OLS)http://pul/name/74695 740 02$aAscetismo e mistica. 740 32$aLa Visitazione. 800 0 $aFranciscus Salesius,$cs.,$d1567-1622.$tOpere ;$v10-10b.$0(OLS)http://pul/nameTitle/909$0(OLS)http://pul/name/21121$0(OLS)http://pul/title/5258 830 0$aOpere complete di Francesco di Sales ;$v10-10b.$0(OLS)http://pul/title/207865 850 $aPUL 852 $aPUL$W1$xSL Religione 3$y85$m248 FRASA 1.10$j184442$qDDC 21$B187646$CPULBib$Z2$F187646 $H129564 $81 852 $aPUL$W1$xSL Religione 3$y85$m248 FRASA 1.10b$j191519$qDDC 21$B195398$CPULBib$Z2$F195398 $H130793 $81 900 $aFrancesco di Sales,$cs.$d1567-1622$921121 900 $aFrancesco di Sales,$cs.$d1567-1622$921121 941 1 $a9 996 $6020$z978-88-311-1221-5 (v. 10b)*$9(OLS)http://pul/number/164044 996 $6020$a978-88-311-1219-2 (v. 10)*$9(OLS)http://pul/number/162696 996 $6082$a248$9(OLS)http://pul/classification/457 996 $6245$aOpuscoli$9(OLS)http://pul/title/12661 996 $6740$aAscetismo e mistica$9(OLS)http://pul/title/207864 996 $6740$aLa Visitazione$9(OLS)http://pul/title/207863 996 $6260$aRoma :$bCittà Nuova$9(OLS)http://pul/publisher/47927